| 000 | 01033cam a2200277 a 4500 | ||
|---|---|---|---|
| 999 |
_c1279 _d1279 |
||
| 001 | ocm00645067 | ||
| 003 | OSt | ||
| 005 | 20221228082052.0 | ||
| 008 | 000623t19941980nyuab j 000 1 eng | ||
| 010 | _a93011515 | ||
| 020 | _a9780064405027 | ||
| 035 | _a1057576 | ||
| 040 |
_aDLC _cDLC _dDLC _dKH8 |
||
| 082 | _aFIC LEW | ||
| 100 | 1 |
_aLewis, C. S. _q(Clive Staples), _d1898-1963. _eAuthor |
|
| 245 | 1 | 4 |
_aThe voyage of the Dawn Treader / _cC.S. Lewis ; illustrated by Pauline Baynes. |
| 250 | _a1st Harper Trophy ed. | ||
| 260 |
_aNew York : _bHarperTrophy, _c1994, c1980. |
||
| 300 |
_a271 p. : _bill., map : |
||
| 490 | 0 |
_aThe Chronicles of Narnia ; _vbk. 5. |
|
| 500 | _aAlso published by HarperFestival in 2010. | ||
| 520 | _aLucy and Edmund, accompanied by their peevish cousin Eustace, sail to the land of Narnia where Eustace is temporarily transformed into a green dragon because of his selfish behavior and skepticism. | ||
| 655 | 0 | _aFantasy fiction. | |
| 700 | 1 |
_aBaynes, Pauline. _eillustrator |
|
| 942 |
_2ddc _cFIC |
||